Score 0/21 Timer 02:00
5 Plays Today
Mixed Up Capital % Correct
YOKOTTokyo
92.4%
AL APZLa Paz
90.4%
ISRPAParis
86.4%
KNISMMinsk
79.6%
TOQUIQuito
74.4%
SIUNTTunis
73.5%
ROCAICairo
70.9%
NOIAHHanoi
64.4%
IFOASSofia
60.5%
RADAKDakar
58.2%
OUSLESeoul
56.4%
Mixed Up Capital % Correct
LUKABKabul
53.5%
NMAMAAmman
48.1%
TRAABRabat
44.8%
ZUDVAVaduz
41.9%
HADAKDhaka
41.6%
RCACAAccra
37.8%
AUJBAAbuja
37.3%
ANASASanaa
36.4%
AAIRPPraia
17.3%
NEYARYaren
16.5%
Remove Ads.
Support Sporcle.
Get the best of Sporcle when you Go Orange. This ad-free experience offers more features, more stats, and more fun while also helping to support Sporcle. Thank you for becoming a member.

You're not logged in!

Compare scores with friends on all Sporcle quizzes.
OR
Log In

Show Comments

Extras

Top Quizzes Today


Score Distribution

Your Account Isn't Verified!

In order to create a playlist on Sporcle, you need to verify the email address you used during registration. Go to your Sporcle Settings to finish the process.

Report this User

Report this user for behavior that violates our Community Guidelines.

Details: